Science and culture (Record no. 1455987)

MARC details
000 -LEADER
fixed length control field 00533nam a2200205Ia 4500
005 - DATE AND TIME OF LATEST TRANSACTION
control field 20250923145818.0
008 - FIXED-LENGTH DATA ELEMENTS--GENERAL INFORMATION
fixed length control field 008 250917s9999 xx 000 0 eng d
037 ## - SOURCE OF ACQUISITION
Stock number Textual
040 ## - CATALOGING SOURCE
Original cataloging agency DSWL
Language of cataloging eng
Transcribing agency DSWL
041 ## - LANGUAGE CODE
Language code of text/sound track or separate title eng
Source of code eng
084 ## - COLON CLASSIFICATION NUMBER
Classification number Y:10aA, N78
Assigning agency DSWL
100 ## - MAIN ENTRY--PERSONAL NAME
Personal name Uberoi, J.P.S.
9 (RLIN) 839181
245 #0 - TITLE STATEMENT
Title Science and culture
Statement of responsibility, etc. by J.P.S. Uberoi
260 ## - PUBLICATION, DISTRIBUTION, ETC.
Place of publication, distribution, etc. Delhi
Name of publisher, distributor, etc. Oxford
Date of publication, distribution, etc. 1978
300 ## - PHYSICAL DESCRIPTION
Extent 88p.
365 ## - TRADE PRICE
Price type code INR
Price amount 30
925 ## -
-- 30
942 ## - ADDED ENTRY ELEMENTS (KOHA)
Koha item type Textual
Classification part Y:10aA, N78
Holdings
Withdrawn status Lost status Damaged status Not for loan Home library Current library Date acquired Source of acquisition Inventory number Total Checkouts Full call number Barcode Date last seen Price effective from Koha item type
        Department of Social Work Library Department of Social Work Library 2025-09-23 Kalinga Publisher 651/22.9.88   Y:10aA, N78 SW0023762 2025-09-23 2025-09-23 Textual
Copyright @ Delhi University Library System